<?xml version="1.0" encoding="UTF-8"?>
<record
    xmlns:xsi="http://www.w3.org/2001/XMLSchema-instance"
    xsi:schemaLocation="http://www.loc.gov/MARC21/slim http://www.loc.gov/standards/marcxml/schema/MARC21slim.xsd"
    xmlns="http://www.loc.gov/MARC21/slim">

  <leader>01509    a2200193   4500</leader>
  <controlfield tag="003">Nust</controlfield>
  <controlfield tag="005">20230201114905.0</controlfield>
  <datafield tag="010" ind1=" " ind2=" ">
    <subfield code="a">51029432</subfield>
  </datafield>
  <datafield tag="040" ind1=" " ind2=" ">
    <subfield code="c">Nust</subfield>
  </datafield>
  <datafield tag="082" ind1=" " ind2=" ">
    <subfield code="a">808.83,LIE</subfield>
  </datafield>
  <datafield tag="100" ind1=" " ind2=" ">
    <subfield code="a">Lieb, Clarence William</subfield>
    <subfield code="9">108346</subfield>
  </datafield>
  <datafield tag="245" ind1=" " ind2=" ">
    <subfield code="a">Outwitting your years / </subfield>
    <subfield code="c">Clarence William Lieb,</subfield>
  </datafield>
  <datafield tag="260" ind1=" " ind2=" ">
    <subfield code="a">Kingswood, Surrey</subfield>
    <subfield code="b">World&#x2019;s Work</subfield>
    <subfield code="c">1950</subfield>
  </datafield>
  <datafield tag="300" ind1=" " ind2=" ">
    <subfield code="a">iii, 318 p</subfield>
    <subfield code="b">19 cm</subfield>
  </datafield>
  <datafield tag="505" ind1=" " ind2=" ">
    <subfield code="a">The Good Do Not Die Young (Page-1), Fifty &#x2013; Uppers (Page-11), Mind Sickness and its Cure (Page-23), Sex after Sixty (Page-33), Shall We Abolish Birthdays? (Page-43) Growing old Gracefully (Page-53) Soul Sickness and Its Cure (Page-61), Bridging the Gap (Page-71), Who Wants to Be Young? (Page-81), Religious Role in old &#x2013; Age Happiness (Page-91), Why Retire? (Page-104), New Jobs for OLD (Page-117), The Age of Appreciation (Page-141), The Golden Decade (Page-151), Regulation (Page-161), Chang of Life in Women and Men (Page-175), So-Called Diseases of Old Age (Page-188), I Ve Got Blood Pressure (Page-201), Cancer not Part of the Ageing Process (Page-214), Freedom from Pain (Page-226), Bolts and Jolts (Page-238), Stop, Look Listen&#x2019; (Page-248), The Platter is More Deadly Than The Sword (Page-260), The Temperamental Colon (Page-269), Reducing Eight Hundred Pounds (Page-279), And Speaking of Exercise (Page-288), Its Fun to Be Old (Page-300), The Supreme Alchemy (Page-309).</subfield>
  </datafield>
  <datafield tag="600" ind1=" " ind2=" ">
    <subfield code="a">Lieb, Clarence William</subfield>
    <subfield code="9">108346</subfield>
  </datafield>
  <datafield tag="650" ind1=" " ind2=" ">
    <subfield code="a">Outwitting your years</subfield>
    <subfield code="9">108347</subfield>
  </datafield>
  <datafield tag="942" ind1=" " ind2=" ">
    <subfield code="2">ddc</subfield>
    <subfield code="c">BK</subfield>
    <subfield code="k">808.83,LIE</subfield>
  </datafield>
  <datafield tag="999" ind1=" " ind2=" ">
    <subfield code="c">186377</subfield>
    <subfield code="d">186377</subfield>
  </datafield>
  <datafield tag="952" ind1=" " ind2=" ">
    <subfield code="0">0</subfield>
    <subfield code="1">0</subfield>
    <subfield code="2">ddc</subfield>
    <subfield code="4">0</subfield>
    <subfield code="7">0</subfield>
    <subfield code="a">MCS</subfield>
    <subfield code="b">MCS</subfield>
    <subfield code="c">GEN</subfield>
    <subfield code="d">2016-12-12</subfield>
    <subfield code="o">808.83,LIE</subfield>
    <subfield code="p">MCS29600</subfield>
    <subfield code="r">2016-12-08</subfield>
    <subfield code="w">2016-12-12</subfield>
    <subfield code="y">BK</subfield>
    <subfield code="z">Almirah No. 57, Shelf No.1</subfield>
  </datafield>
</record>
